La sociedad civil ante las ideologias. El impacto del "nuevo dualismo" en la "positivismusstreit" (a traves de K.O.Apel) (Registro nro. 138977)
[ vista simple ]
| 001 - NÚMERO DE CONTROL | |
|---|---|
| campo de control | 573327 |
| 005 - FECHA Y HORA DE LA ÚLTIMA TRANSACCIÓN | |
| campo de control | 20240904091826.0 |
| 008 - DATOS DE LONGITUD FIJA--INFORMACIÓN GENERAL | |
| campo de control de longitud fija | 991203e19971220 spa |
| 035 ## - NÚMERO DE CONTROL DEL SISTEMA | |
| Número de control de sistema | 573327 |
| 035 ## - NÚMERO DE CONTROL DEL SISTEMA | |
| Número de control de sistema | (OCoLC)819821557 |
| 040 ## - FUENTE DE LA CATALOGACIÓN | |
| Centro/agencia transcriptor | comduadb |
| 041 ## - CÓDIGO DE LENGUA | |
| Código de lengua del texto/banda sonora o título independiente | spa |
| 100 10 - ENTRADA PRINCIPAL--NOMBRE DE PERSONA | |
| Nombre de persona | Ortiz de Landázuri, Carlos |
| Código de función | aut |
| Término indicativo de función/relación | Autor/a |
| 9 (RLIN) | 276925 |
| 245 13 - MENCIÓN DE TÍTULO | |
| Título | La sociedad civil ante las ideologias. El impacto del "nuevo dualismo" en la "positivismusstreit" (a traves de K.O.Apel) |
| 650 #7 - PUNTO DE ACCESO ADICIONAL DE MATERIA--TÉRMINO DE MATERIA | |
| Término de materia o nombre geográfico como elemento de entrada | Sociedad civil |
| Fuente del encabezamiento o término | lemb |
| 9 (RLIN) | 10298 |
| 650 #7 - PUNTO DE ACCESO ADICIONAL DE MATERIA--TÉRMINO DE MATERIA | |
| Término de materia o nombre geográfico como elemento de entrada | Ideología |
| Fuente del encabezamiento o término | lemb |
| 9 (RLIN) | 32126 |
| 650 ## - PUNTO DE ACCESO ADICIONAL DE MATERIA--TÉRMINO DE MATERIA | |
| Término de materia o nombre geográfico como elemento de entrada | Apel, Karl Otto, 1922-2017 |
| 9 (RLIN) | 20404 |
| 650 #7 - PUNTO DE ACCESO ADICIONAL DE MATERIA--TÉRMINO DE MATERIA | |
| Término de materia o nombre geográfico como elemento de entrada | Sociología |
| Fuente del encabezamiento o término | lemb |
| 9 (RLIN) | 112 |
| 650 #7 - PUNTO DE ACCESO ADICIONAL DE MATERIA--TÉRMINO DE MATERIA | |
| Término de materia o nombre geográfico como elemento de entrada | Teoría crítica |
| Fuente del encabezamiento o término | lemb |
| 9 (RLIN) | 5291 |
| 773 0# - ENLACE AL DOCUMENTO FUENTE/ENTRADA DE REGISTRO ANFITRIÓN | |
| Título | Anuario Filosófico (Pamplona) |
| Parte(s) relacionada(s) | Volumen 30, Número 03, Diciembre 1997, p. 627-658 |
| Número de control del registro | 9115 |
| Número Internacional Normalizado para Publicaciones Seriadas | 0066-5215 |
| Número bibliográfico anfitrión | 4104 |
| 942 ## - ELEMENTOS DE ENTRADA AGREGADA (KOHA) | |
| Tipo de ítem Koha | Artículo de Revista |
No hay ítems disponibles.